02039nam a22002657a 4500008004100000020001800041040000800059041000800067100004300075245003000118260006000148300002400208520114900232650003801381650004401419650002701463650002601490650004501516650002901561650002801590655002701618942000801645952010501653999001501758251117b |||||||| |||| 00| 0 eng d a9781250375087 ctbs aeng aStevenson, M.q(Marina)926526eauthor aBehoovedc/ M. Stevenson. aNew York, NY : bBramble, Tor Publishing Group, c2025. a341 pages ;c21 cm. aA charming slow-burn fantasy featuring a duty-bound noblewoman with a chronic illness, a prince who would rather be in a library than on a throne, and a magical ride through a world of cozy enchantment Bianca knows her duty comes before her heart. So when the threat of war looms, she agrees to marry the neighboring kingdom’s heir. But not all royal weddings are a fairytale, and Prince Aric, Bianca’s betrothed, is cold, aloof, and seems to hate her on sight. To make matters worse, on their wedding night, an assassination attempt goes awry—leaving Aric magically transformed into a horse. Bianca does what any bride in this situation would do: she mounts her new husband and rides away to safety. Sunset returns Aric to human form, but they soon discover the assassination attempt is part of a larger plot against the throne. Worse, Bianca has been framed for Aric’s murder, and she’s now saddled with a husband who is a horse by day and a frustratingly attractive man by night. As an unexpected romance begins galloping away with their hearts, Bianca and Aric must rely on each other to unravel the curse and save the throne. 0aArranged marriagevFiction925566 0aAttempted assassinationvFiction926527 0aHorsesvFiction926528 0aMagicvFiction924059 0aMan-woman relationships vFiction911134 0aNobilityvFiction926529 0aPrincesvFiction926530 0aFantasy fiction922510 2lcc 00102lcc4070aTBSbTBSd2025-11-17l1oP-EN STEpB05633r2026-03-19s2026-02-04t1w2025-11-17y1 c5185d5185